9-Letter Vocabulary (Hard) Quiz Stats

 Plays Quiz Updated Dec 3, 2016

Support Sporcle.
Go Orange.
Score 0/25 Timer 08:00
1 Play Today
% Correct
inebriant
83.7%
inoculant
82.5%
treenware
82.4%
colonnade
81.5%
catatonic
80.5%
manticore
80.3%
repertory
78.6%
penitence
78.1%
sojourner
77.4%
brochette
75.8%
bodacious
74.1%
sauciness
70.3%
garrulous
68%
% Correct
austerity
67.6%
susurrous
64.9%
funicular
62.9%
adduction
60.9%
maladroit
60.3%
fissility
59.4%
assiduous
59.2%
detrition
58.5%
firmament
58.4%
fractious
45.2%
redolence
41.1%
vulnerary
39%

You're not logged in!

Compare scores with friends on all Sporcle quizzes.
OR
Log In

From the Vault

Complete the Bible Verse... With a Picture

by Noldeh

How effective would it be to make the Bible a picture book?
Remove Ads.
Support Sporcle.
Get the best of Sporcle when you Go Orange. This ad-free experience offers more features, more stats, and more fun while also helping to support Sporcle. Thank you for becoming a member.

Show Comments

Extras

Top Quizzes Today


Score Distribution

Your Account Isn't Verified!

In order to create a playlist on Sporcle, you need to verify the email address you used during registration. Go to your Sporcle Settings to finish the process.

Report this User

Report this user for behavior that violates our Community Guidelines.

Details: